Técnicas y métodos de estudio para aprender por siempre / (Registro nro. 11401)

Detalles MARC
000 -LEADER
fixed length control field 00732nam a22002177a 4500
001 - CONTROL NUMBER
control field 000502
003 - CONTROL NUMBER IDENTIFIER
control field DO-SdBNP
005 - DATE AND TIME OF LATEST TRANSACTION
control field 20160915132506.0
007 - PHYSICAL DESCRIPTION FIXED FIELD--GENERAL INFORMATION
fixed length control field 000502
008 - FIXED-LENGTH DATA ELEMENTS--GENERAL INFORMATION
fixed length control field 160915b 2003 ag a ||||| |||| 00| 0 spa d
020 ## - INTERNATIONAL STANDARD BOOK NUMBER
International Standard Book Number 9974773555
040 ## - CATALOGING SOURCE
Original cataloging agency BPMSU
Language of cataloging spa
Transcribing agency BPMSU
092 ## - LOCALLY ASSIGNED DEWEY CALL NUMBER (OCLC)
Classification number xxxxx
Item number xxxxx
245 00 - TITLE STATEMENT
Title Técnicas y métodos de estudio para aprender por siempre /
Statement of responsibility, etc. dirección y supervisión general Luis Roberto Barone.
246 00 - VARYING FORM OF TITLE
Title proper/short title Manual práctico de técnicas para estudiar más fácil.
260 ## - PUBLICATION, DISTRIBUTION, ETC. (IMPRINT)
Place of publication, distribution, etc. Buenos Aires :
Name of publisher, distributor, etc. Cultural Librera Americana,
Date of publication, distribution, etc. 2003.
300 ## - PHYSICAL DESCRIPTION
Extent 128 p. :
Other physical details il. ;
Dimensions 29 cm.
700 10 - ADDED ENTRY--PERSONAL NAME
Personal name Barone, Luis Roberto,
Relator term direcc.
942 ## - ADDED ENTRY ELEMENTS (KOHA)
Source of classification or shelving scheme Dewey Decimal Classification
Koha item type Libros
956 ## - LOCAL ELECTRONIC LOCATION AND ACCESS (OCLC)
Access method LOPEREZ
Materials specified 10
Linkage 20160915
Field link and sequence number BPMSU
Host name 00041
Existencias
Withdrawn status Lost status Source of classification or shelving scheme Damaged status Not for loan Collection code Home library Current library Date acquired Source of acquisition Total Checkouts Barcode Date last seen Price effective from Koha item type
    Dewey Decimal Classification       Biblioteca Pública Metropolitana Salomé Ureña Biblioteca Pública Metropolitana Salomé Ureña 09/15/2016 Compra   BPMSU16090329 09/15/2016 09/15/2016 Libros